Co-housing, zóna Sosnová, Bratislava

Enregistré dans:
Détails bibliographiques
Auteur principal: Kudiváni, Viera (Auteur)
Autres auteurs: Bátor, Jozef (Directeur de thèse)
Format: Manuscrit Livre
Langue:slovaque
Publié: Bratislava 2016
Sujets:
Accès en ligne:http://is.stuba.sk/zp/portal_zp.pl?podrobnosti=119108
Tags: Ajouter un tag
Pas de tags, Soyez le premier à ajouter un tag!

MARC

LEADER 00000ntm a22000003a 4500
001 stuzp57856
003 SK-STU
005 20210224123040.3
007 ta
008 150427s2015----xo-----f-mn---000-0-slo-d
040 |a STU  |b slo 
041 0 |a slo 
100 1 |a Kudiváni, Viera  |u 058180  |4 aut  |U FAD Fakulta architektúry  |T FA Ústav architektúry občianskych budov  |X 8214  |U A8180  |Y 399  |7 A000008214 
242 0 1 |a Co-housing, Zone Sosnová,Bratislava  |y eng 
245 1 0 |a Co-housing, zóna Sosnová, Bratislava 
260 |c 2016  |a Bratislava 
650 4 |a komunita  |2 slo 
650 4 |a co-housing  |2 slo 
650 4 |a bývanie  |2 slo 
650 4 |a community  |2 eng 
650 4 |a residential  |2 eng 
650 4 |a housing  |2 eng 
700 1 |a Bátor, Jozef  |u 058180  |k Z1  |4 ths  |U FAD Fakulta architektúry  |T FA Ústav architektúry občianskych budov  |X 4810  |U A8180  |Y 399  |7 A000004810 
856 4 |u http://is.stuba.sk/zp/portal_zp.pl?podrobnosti=119108  |u https://opac.crzp.sk/?fn=detailBiblioForm&sid=FFEED6484134604A3D70AEB88729 
SQL |a stuzp57856  |b DDP  |c SLO  |d Co-housing, zóna Sosnová, Bratislava  |e 8214  |f Kudiváni, Viera  |g 058180  |h 4810  |i Bátor, Jozef  |j 20160602  |k 153  |l 05  |m http://is.stuba.sk/zp/portal_zp.pl?podrobnosti=119108  |n I-ARCH  |o 5.1.1. architektúra a urbanizmus